000 00207nam a2200073Ia 4500
008 170524s9999 xx 000 0 und d
100 _aCHANDRA- PRASANNA
245 0 _aINVESTMENT ANALYSIS AND PORTFOLIO MANAGEMENT
260 _bTATA MCGRAW HILL
999 _c8096
_d8096